书目信息 |
| 题名: |
环境经济学
|
|
| 作者: | 覃成林 , 管华 主编 | |
| 分册: | ||
| 出版信息: | 北京 科学出版社 2004 |
|
| 页数: | 256页 | |
| 开本: | 24cm | |
| 丛书名: | 21世纪环境科学 | |
| 单 册: | ||
| 中图分类: | X196 | |
| 科图分类: | ||
| 主题词: | 环境经济学 | |
| 电子资源: | ||
| ISBN: | 7-03-013447-8 | |
| 000 | 00914oam2 2200265 450 | |
| 001 | 002694686 | |
| 005 | 20070805150229.42 | |
| 010 | @a7-03-013447-8@dCNY30.00 | |
| 100 | @a20040805d2004 em y0chiy0110 ea | |
| 101 | 0 | @achi |
| 102 | @aCN@b110000 | |
| 105 | @ay z 000yy | |
| 106 | @ar | |
| 200 | 1 | @a环境经济学@Ahuan jing jing ji xue@f覃成林,管华主编@Fqin cheng lin, guan hua zhu bian |
| 210 | @a北京@c科学出版社@d2004 | |
| 215 | @a256页@d24cm | |
| 225 | 2 | @a21世纪环境科学@A21 shi ji huan jing ke xue |
| 330 | @a该书以环境问题的经济学理论和分析方法为重点,介绍了环境经济学的研究对象、学科发展,进行环境经济分析的经济学理论基础,建设项目的环境经济评价等内容。 | |
| 461 | 0 | @1001002694681@12001 @a21世纪环境科学 |
| 606 | 0 | @a环境经济学 |
| 690 | @aX196@v4 | |
| 701 | 0 | @a覃成林@Aqin cheng lin@f(1962~)@4主编 |
| 701 | 0 | @a管华@Aguan hua@4主编 |
| 801 | 0 | @aCN@bNLC@c20070805 |
| 905 | @dX196@e164@f3 | |
| 环境经济学/覃成林,管华主编.-北京:科学出版社,2004 |
| 256页;24cm.-(21世纪环境科学) |
| ISBN 7-03-013447-8:CNY30.00 |
| 该书以环境问题的经济学理论和分析方法为重点,介绍了环境经济学的研究对象、学科发展,进行环境经济分析的经济学理论基础,建设项目的环境经济评价等内容。 |
| ● |
| 相关链接 |
|
|
|
|
正题名:环境经济学
索取号:X196/164
 
预约/预借
| 序号 | 登录号 | 条形码 | 馆藏地/架位号 | 状态 | 备注 |
| 1 | 0852588 | 208525880 | 第二样本阅览室/ [索取号:X196/164] | 在馆 | |
| 2 | 0852589 | 208525899 | 第三借阅区/ [索取号:X196/164] | 在馆 | |
| 3 | 0852590 | 208525906 | 第三借阅区/ [索取号:X196/164] | 在馆 |